000
00297nam a2200121Ia 4500
008
241002s9999 xx 000 0 und d
082
_a
658.4012 TAY
100
_a
Taylor, James K
245
0
_a
Developing winning strategic plans
260
_a
N/A
_c
1995
600
_a
Applied Science
942
_c
UC
999
_c
18612
_d
18612